000
00275nam a2200121Ia 4500
008
190216s9999||||xx |||||||||||||| ||und||
100
_a
Madavan Kutty
245
0
_a
Physiology
260
_b
Kerala Bhasha Institute
_c
1971
300
_a
188p
650
_a
Zoology
942
_c
BK
999
_c
37356
_d
37356